000 00279nam a2200109Ia 4500
008 200302s9999 xx 000 0 und d
100 _aHilary Lewis
245 _aMitchell Giurgola Architects
260 _bThe Images Publishing Group Pvt. Ltd.
260 _c2008
300 _a263 P.,
999 _c2884
_d2884